Hacia la profesionalización del docente /
Guardado en:
| Autor Principal: | |
|---|---|
| Formato: | Libro |
| Publicado: |
Buenos Aires :
El Ateneo,
1995
|
| Series: | Nuevos Aires en Educación
|
| Materias: | |
| Etiquetas: |
Agregar Etiqueta
Sin Etiquetas, Sea el primero en etiquetar este registro!
|
| LEADER | 00787nam a22002175a 4500 | ||
|---|---|---|---|
| 001 | CEM.cems009036 | ||
| 005 | 20090914114100.0 | ||
| 008 | 130507s1995##################000#0#####d | ||
| 003 | CEMS | ||
| 020 | |a 9500258099 | ||
| 082 | 0 | 4 | |a 370.7 |
| 100 | 1 | |a Paredes de Meaños, Zulema | |
| 245 | 1 | 0 | |a Hacia la profesionalización del docente / |c Zulema Paredes de Meaños |
| 260 | |a Buenos Aires : |b El Ateneo, |c 1995 | ||
| 300 | |a 62 p. | ||
| 490 | 0 | |a Nuevos Aires en Educación | |
| 505 | 0 | |a La profesión docente -- La formación docente. Relación teórica-práctica -- La formación permanente -- Hacia un nuevo perfil profesional | |
| 653 | |a Educación | ||
| 653 | |a Docente-profesionalización | ||
| 653 | |a Formación de maestros | ||
| 859 | |a CEMS |b BIB. CEMS - 11 de abril |h 370.7 |i P214 |p 18654.95 |t Ej.1 | ||
